[Event "Nikaia op 11th"]
[Site "Nikaia"]
[Date "2003.08.21"]
[Round "6"]
[White "Sigalas, Frangiskos"]
[Black "Mrkidis, K."]
[Result "0-1"]
[WhiteElo "2182"]
[BlackElo "2358"]
[PlyCount "110"]
[EventDate "2003.08.17"]
[EventType "swiss"]
[EventRounds "9"]
[EventCountry "GRE"]
[SourceTitle "EXT 2005"]
[Source "ChessBase"]
[SourceDate "2004.11.15"]
[SourceVersion "1"]
[SourceVersionDate "2004.11.15"]
[SourceQuality "1"]

1. e4 e5 2. Nf3 Nc6 3. Bb5 g6 4. c3 a6 5. Ba4 d6 6. 0-0 Bg7 7. d4 Bd7 8. d5 Nb8 9. c4 Nf6 10. Bxd7+ Nbxd7 11. Nc3 a5 12. Qc2 0-0 13. Bd2 Nc5 14. b3 b6 15. Rfe1 Qd7 16. Rab1 Nh5 17. a3 a4 18. Nxa4 Nxa4 19. bxa4 Rxa4 20. Bc1 Rfa8 21. Rb4 R4a7 22. Qd1 Qe8 23. Re2 Qf8 24. Ra2 Bh6 25. a4 Nf6 26. Bxh6 Qxh6 27. Nd2 Qh4 28. g3 Qh3 29. Qa1 Qg4 30. f3 Qg5 31. Kf2 h5 32. Rb5 h4 33. Nf1 Ra5 34. Rxa5 Rxa5 35. Rb2 Rc5 36. Ne3 hxg3+ 37. hxg3 Qh6 38. Qg1 Ra5 39. Ra2 Nd7 40. Ng4 Qg5 41. Qd1 Nc5 42. Ne3 Qh6 43. Ng4 Qg5 44. Ne3 Kg7 45. Ng2 Qf6 46. Ke3 Qe7 47. Kf2 Qe8 48. Qh1 Rxa4 49. Rxa4 Qxa4 50. Qh4 Qxc4 51. Qd8 Qc1 52. g4 Qc2+ 53. Kg3 Nd3 54. g5 Qf2+ 55. Kh2 Nf4 0-1